I am Malala : (Record no. 25901)

MARC details
000 -LEADER
fixed length control field 01428cam a2200361Ii 4500
001 - CONTROL NUMBER
control field sjds535152
003 - CONTROL NUMBER IDENTIFIER
control field sjds
005 - DATE AND TIME OF LATEST TRANSACTION
control field 20210630100629.0
008 - FIXED-LENGTH DATA ELEMENTS--GENERAL INFORMATION
fixed length control field 130507s2013 nyuab e 000 0 eng d
010 ## - LIBRARY OF CONGRESS CONTROL NUMBER
LC control number 2013941811
020 ## - INTERNATIONAL STANDARD BOOK NUMBER
International Standard Book Number 9780316322409
020 ## - INTERNATIONAL STANDARD BOOK NUMBER
International Standard Book Number 0316322407
035 ## - SYSTEM CONTROL NUMBER
System control number (OCoLC)842111966
035 ## - SYSTEM CONTROL NUMBER
System control number 817171
040 ## - CATALOGING SOURCE
Original cataloging agency YDXCP
Transcribing agency YDXCP
Modifying agency GK8
-- BDX
-- UPZ
-- FOLLT
-- JTH
-- IFA
-- UtOrBLW
041 ## - LANGUAGE CODE
Language code of text/sound track or separate title ENG
049 ## - LOCAL HOLDINGS (OCLC)
Holding library IFAA
099 ## - LOCAL FREE-TEXT CALL NUMBER (OCLC)
Classification number 92 YOUSAFZAI 2013
100 1# - MAIN ENTRY--PERSONAL NAME
Personal name Yousafzai, Malala,
Dates associated with a name 1997-
Relator term author.
245 10 - TITLE STATEMENT
Title I am Malala :
Remainder of title the story of the girl who stood up for education and was shot by the Taliban /
Statement of responsibility, etc. Malala Yousafzai with Christina Lamb.
250 ## - EDITION STATEMENT
Edition statement First edition.
260 ## - PUBLICATION, DISTRIBUTION, ETC. (IMPRINT)
Place of publication, distribution, etc. New York :
Name of publisher, distributor, etc. Little, Brown, & Company,
Date of publication, distribution, etc. 2013.
264 #1 - PRODUCTION, PUBLICATION, DISTRIBUTION, MANUFACTURE, AND COPYRIGHT NOTICE
Place of production, publication, distribution, manufacture New York :
Name of producer, publisher, distributor, manufacturer Little, Brown, & Company,
Date of production, publication, distribution, manufacture, or copyright notice 2013.
300 ## - PHYSICAL DESCRIPTION
Extent viii, 327 page :
Other physical details illustrations (some color), maps ;
Dimensions 25 cm
336 ## - CONTENT TYPE
Content type term text
Content type code txt
Source rdacontent
337 ## - MEDIA TYPE
Media type term unmediated
Media type code n
Source rdamedia
338 ## - CARRIER TYPE
Carrier type term volume
Carrier type code nc
Source rdacarrier
520 ## - SUMMARY, ETC.
Summary, etc. When the Taliban took control of the Swat Valley, one girl spoke out. Malala Yousafzai refused to be silenced and fought for her right to an education. On Tuesday October 9, 2012, she almost paid the ultimate price.
600 10 - SUBJECT ADDED ENTRY--PERSONAL NAME
Personal name Yousafzai, Malala,
Dates associated with a name 1997-
650 #0 - SUBJECT ADDED ENTRY--TOPICAL TERM
Topical term or geographic name as entry element Young women
General subdivision Education
Geographic subdivision Pakistan
Form subdivision Biography.
650 #0 - SUBJECT ADDED ENTRY--TOPICAL TERM
Topical term or geographic name as entry element Children's rights
Geographic subdivision Pakistan
Form subdivision Biography.
942 ## - ADDED ENTRY ELEMENTS (KOHA)
Koha item type Libro/Book
Source of classification or shelving scheme Dewey Decimal Classification
Holdings
Withdrawn status Lost status Damaged status Not for loan Home library Current library Shelving location Date acquired Inventory number Total Checkouts Total Renewals Full call number Barcode Date last seen Date checked out Price effective from Koha item type
        San Juan Del Sur -- Biblioteca San Juan Del Sur -- Biblioteca English 24/03/2021 Inventory date: 15/5/25 7 1 BIO YUO 30009870 27/12/2025 09/12/2025 24/03/2021 Libro/Book

Powered by Koha